The Great Lakes Review

محفوظ في:

التنسيق: دورية

اللغة: Undetermined

منشور في: JSTOR
Central Michigan University

الموضوعات:

الوصول للمادة أونلاين: Login to view Source

الوسوم: إضافة وسم

لا توجد وسوم, كن أول من يضع وسما على هذه التسجيلة!

رقم الطلب:

LEADER 00505nas a2200169Ia 4500
008 220214c99999999xx |||||||||||| ||und||
022 |a 0360-1846 
245 0 4 |a The Great Lakes Review 
264 1 |b JSTOR 
264 1 |b Central Michigan University 
362 0 |a Vol. 1(1974)-11 (1985) 
653 1 0 |a Area Studies 
653 1 0 |a History 
856 4 0 |u https://www.jstor.org/journal/grealakerevi 
942 |c JL 
952 |0 0  |1 0  |4 0  |7 1  |9 35085  |a JSR  |b JSR  |d 2022-02-14  |l 0  |r 2022-02-14 00:00:00  |w 2022-02-14  |y JL 
999 |c 43418  |d 43418